00351nam a2200097Ia 4500008004100000245003700041260000900078856007400087999001900161952007300180160531s9999 xx 000 0 und d aHow Tobacco Smoke Causes Disease c2011 uhttp://www.ncbi.nlm.nih.gov/books/NBK53017/pdf/Bookshelf_NBK53017.pdf c295501d295501 001040aCLbCLd2016-05-31l0r2016-05-31 00:00:00w2016-05-31yCBE